[Event "MPJ C18"]
[Site "?"]
[Date "2016.03.15"]
[Round "3.7"]
[White "Jarmula, Lukasz"]
[Black "Zylka, Stanislaw"]
[Result "1-0"]
[LiveChessVersion "1.4.8"]
[BlackElo "2180"]
[WhiteElo "2387"]

1. e4 {[%clk 1:30:59]} e5 {[%clk 1:27:07]} 2. Nf3 {[%clk 1:30:42]} Nc6
{[%clk 1:27:19]} 3. Bc4 {[%clk 1:31:06]} Nf6 {[%clk 1:27:29]} 4. Ng5
{[%clk 1:30:31]} d5 {[%clk 1:27:37]} 5. exd5 {[%clk 1:30:55]} Na5
{[%clk 1:27:48]} 6. Bb5+ {[%clk 1:31:19]} c6 {[%clk 1:28:02]} 7. dxc6
{[%clk 1:31:42]} bxc6 {[%clk 1:28:21]} 8. Be2 {[%clk 1:31:57]} h6
{[%clk 1:26:54]} 9. Nh3 {[%clk 1:32:21]} Be7 {[%clk 1:21:21]} 10. d3
{[%clk 1:31:19]} Rb8 {[%clk 1:20:17]} 11. Ng1 {[%clk 1:27:42]} c5
{[%clk 1:16:46]} 12. Nf3 {[%clk 1:26:00]} Nc6 {[%clk 1:16:59]} 13. Nbd2
{[%clk 1:25:04]} Be6 {[%clk 1:14:00]} 14. O-O {[%clk 1:18:34]} O-O
{[%clk 1:14:02]} 15. Re1 {[%clk 1:15:16]} Qc7 {[%clk 1:10:34]} 16. c3
{[%clk 1:14:04]} Rfd8 {[%clk 1:07:25]} 17. Qc2 {[%clk 1:13:40]} Nd5
{[%clk 1:01:23]} 18. Nc4 {[%clk 1:10:39]} Bf5 {[%clk 0:53:54]} 19. Bf1
{[%clk 1:07:05]} f6 {[%clk 0:50:23]} 20. Bd2 {[%clk 0:56:46]} Bg6
{[%clk 0:41:32]} 21. Rad1 {[%clk 0:51:33]} Bf8 {[%clk 0:39:00]} 22. Bc1
{[%clk 0:49:54]} Rd7 {[%clk 0:36:52]} 23. g3 {[%clk 0:44:33]} Rbd8
{[%clk 0:35:09]} 24. Nh4 {[%clk 0:43:53]} Bf7 {[%clk 0:32:46]} 25. Bh3
{[%clk 0:41:31]} Re7 {[%clk 0:16:04]} 26. Bf5 {[%clk 0:36:38]} g5
{[%clk 0:13:10]} 27. Ng6 {[%clk 0:33:51]} Ree8 {[%clk 0:13:17]} 28. Qe2
{[%clk 0:30:35]} Bg7 {[%clk 0:11:21]} 29. Qg4 {[%clk 0:28:07]} Nce7
{[%clk 0:09:06]} 30. Nxe7+ {[%clk 0:28:20]} Rxe7 {[%clk 0:09:26]} 31. h4
{[%clk 0:23:56]} Ree8 {[%clk 0:07:23]} 32. Nd2 {[%clk 0:17:52]} h5
{[%clk 0:05:47]} 33. Qe4 {[%clk 0:13:41]} gxh4 {[%clk 0:05:42]} 34. Qxh4
{[%clk 0:12:12]} Ne7 {[%clk 0:05:33]} 35. Be4 {[%clk 0:12:23]} f5
{[%clk 0:05:22]} 36. Bf3 {[%clk 0:12:30]} Rxd3 {[%clk 0:01:43]} 37. Bxh5
{[%clk 0:12:16]} Bxh5 {[%clk 0:01:15]} 38. Qxh5 {[%clk 0:12:40]} Red8
{[%clk 0:01:27]} 39. Nc4 {[%clk 0:12:04]} Rxd1 {[%clk 0:00:35]} 40. Rxd1
{[%clk 0:42:29]} f4 {[%clk 0:30:32]} 41. gxf4 {[%clk 0:34:14]} Rxd1+
{[%clk 0:26:44]} 42. Qxd1 {[%clk 0:33:45]} exf4 {[%clk 0:26:52]} 43. Qd6
{[%clk 0:32:50]} Qxd6 {[%clk 0:27:14]} 44. Nxd6 {[%clk 0:33:14]} Ng6
{[%clk 0:26:57]} 45. Nc4 {[%clk 0:22:21]} Kf7 {[%clk 0:26:34]} 46. f3
{[%clk 0:22:18]} Ke6 {[%clk 0:25:41]} 47. Bd2 {[%clk 0:22:07]} Bf6
{[%clk 0:12:48]} 48. Kf2 {[%clk 0:21:49]} Bd8 {[%clk 0:12:54]} 49. Ke2
{[%clk 0:21:34]} Bc7 {[%clk 0:12:06]} 50. Kd3 {[%clk 0:19:47]} Kd5
{[%clk 0:12:27]} 51. Be1 {[%clk 0:20:11]} Bd8 {[%clk 0:11:57]} 52. b3
{[%clk 0:18:09]} a6 {[%clk 0:11:06]} 53. Ke2 {[%clk 0:16:43]} Nf8
{[%clk 0:05:24]} 54. Nb2 {[%clk 0:15:30]} Ne6 {[%clk 0:05:30]} 55. Kd3
{[%clk 0:14:10]} Nf8 {[%clk 0:04:11]} 56. Bf2 {[%clk 0:09:11]} Be7
{[%clk 0:04:09]} 57. Nc4 {[%clk 0:08:21]} Nd7 {[%clk 0:02:46]} 58. a4
{[%clk 0:07:05]} Bf6 {[%clk 0:02:15]} 59. Be1 {[%clk 0:06:43]} Bd8
{[%clk 0:01:59]} 60. a5 {[%clk 0:05:12]} Be7 {[%clk 0:01:19]} 61. Bd2
{[%clk 0:05:17]} Bg5 {[%clk 0:01:24]} 62. Bc1 {[%clk 0:03:25]} Bh6
{[%clk 0:01:34]} 63. Nb6+ {[%clk 0:03:00]} Nxb6 {[%clk 0:02:03]} 64. axb6
{[%clk 0:03:23]} c4+ {[%clk 0:01:58]} 65. bxc4+ {[%clk 0:03:47]} Kc6
{[%clk 0:02:25]} 66. c5 {[%clk 0:04:08]} Bg5 {[%clk 0:01:28]} 67. Kc4
{[%clk 0:03:56]} Bh6 {[%clk 0:01:27]} 68. Ba3 {[%clk 0:04:09]} Bf8
{[%clk 0:00:55]} 69. b7 {[%clk 0:03:48]} Kc7 {[%clk 0:01:18]} 70. Bb4
{[%clk 0:03:48]} Bg7 {[%clk 0:01:07]} 71. c6 {[%clk 0:04:03]} a5 {[%clk 0:00:33]}
72. Bd6+ {[%clk 0:04:20]} 1-0

[Event "MPJ C18"]
[Site "?"]
[Date "2016.03.15"]
[Round "3.8"]
[White "Wisniewski, Michal"]
[Black "Zarnowski, Krzysztof"]
[Result "1/2-1/2"]
[LiveChessVersion "1.4.8"]
[BlackElo "1940"]
[WhiteElo "2273"]

1. e4 {[%clk 1:25:52]} e6 {[%clk 1:30:50]} 2. d4 {[%clk 1:25:47]} d5
{[%clk 1:31:10]} 3. exd5 {[%clk 1:26:12]} exd5 {[%clk 1:31:31]} 4. Nf3
{[%clk 1:26:41]} Nf6 {[%clk 1:31:21]} 5. Bg5 {[%clk 1:26:02]} Bg4
{[%clk 1:30:03]} 6. Nbd2 {[%clk 1:11:11]} Nbd7 {[%clk 1:27:15]} 7. Bd3
{[%clk 1:10:53]} Bd6 {[%clk 1:27:16]} 8. O-O {[%clk 1:11:06]} O-O
{[%clk 1:27:39]} 9. c3 {[%clk 1:10:55]} c6 {[%clk 1:28:02]} 10. Qc2
{[%clk 1:11:11]} Qc7 {[%clk 1:28:15]} 11. c4 {[%clk 1:09:50]} dxc4
{[%clk 1:24:28]} 12. Bxc4 {[%clk 1:09:49]} Rfe8 {[%clk 1:23:41]} 13. a3
{[%clk 1:03:40]} Bh5 {[%clk 1:14:19]} 14. b4 {[%clk 0:57:06]} h6 {[%clk 1:00:05]}
15. Bh4 {[%clk 0:54:18]} Bf4 {[%clk 0:59:06]} 16. Bg3 {[%clk 0:45:33]} Rad8
{[%clk 0:48:44]} 17. Rac1 {[%clk 0:36:09]} Qd6 {[%clk 0:44:23]} 18. b5
{[%clk 0:32:41]} cxb5 {[%clk 0:40:26]} 19. Bxb5 {[%clk 0:33:25]} Bxg3
{[%clk 0:38:53]} 20. hxg3 {[%clk 0:33:30]} a6 {[%clk 0:34:55]} 21. Bxd7
{[%clk 0:29:52]} Qxd7 {[%clk 0:34:13]} 22. Qb3 {[%clk 0:26:39]} b5
{[%clk 0:28:19]} 23. Rc3 {[%clk 0:19:36]} Bxf3 {[%clk 0:17:33]} 24. Nxf3
{[%clk 0:19:59]} Ne4 {[%clk 0:17:36]} 25. Rc2 {[%clk 0:17:29]} Qe6
{[%clk 0:15:11]} 26. Qb4 {[%clk 0:13:16]} Qd5 {[%clk 0:12:19]} 27. Rfc1
{[%clk 0:13:10]} Ng5 {[%clk 0:12:20]} 28. Nxg5 {[%clk 0:13:35]} hxg5
{[%clk 0:12:41]} 29. Rc6 {[%clk 0:13:53]} Qxd4 {[%clk 0:12:20]} 30. Qxd4
{[%clk 0:14:22]} Rxd4 {[%clk 0:12:45]} 31. Rxa6 {[%clk 0:14:49]} Re2
{[%clk 0:10:46]} 32. Ra8+ {[%clk 0:10:18]} Kh7 {[%clk 0:11:15]} 33. Ra7
{[%clk 0:10:37]} Kg6 {[%clk 0:09:40]} 34. g4 {[%clk 0:09:09]} Rxg4
{[%clk 0:08:37]} 35. Rc6+ {[%clk 0:09:33]} f6 {[%clk 0:05:07]} 36. Rcc7
{[%clk 0:09:55]} Rc4 {[%clk 0:05:00]} 37. Rxg7+ {[%clk 0:09:55]} Kf5
{[%clk 0:05:28]} 38. Rgc7 {[%clk 0:07:35]} Re1+ {[%clk 0:04:05]} 39. Kh2
{[%clk 0:08:00]} Rh4+ {[%clk 0:01:22]} 40. Kg3 {[%clk 0:38:25]} Rg4+
{[%clk 0:31:43]} 41. Kf3 Ke5 42. Ke4+ 1/2-1/2

[Event "MPJ C18"]
[Site "?"]
[Date "2016.03.15"]
[Round "3.9"]
[White "Winiarski, Mikolaj"]
[Black "Snihur, Piotr"]
[Result "1-0"]
[LiveChessVersion "1.4.8"]
[BlackElo "2271"]
[WhiteElo "2037"]

1. d4 d5 2. c4 dxc4 3. e4 Nf6 4. e5 Nd5 5. Bxc4 Nc6 6. Ne2 e6 7. Nbc3 Nb6 8. Bb3
Bd7 9. O-O Nb4 10. a3 N4d5 11. Nxd5 Nxd5 12. Bxd5 exd5 13. Qb3 Bc6 14. f4 Qd7 15.
f5 O-O-O 16. Nc3 g6 17. Bg5 Be7 18. f6 Bf8 19. Qc2 Kb8 20. Rfc1 Rc8 21. Qd2 h6
22. Be3 b6 23. b4 Bb7 24. Ne2 Ba6 25. Nf4 g5 26. Nd3 Rg8 27. Nb2 Qf5 28. a4 Qd7
29. b5 Bb7 30. Nd3 a6 31. bxa6 Bxa6 32. a5 Bxd3 33. Qxd3 b5 34. Rcb1 c6 35. Bf2
h5 36. Qh7 Rg6 37. Qxh5 Ka7 38. Qf3 g4 39. Qd3 Bh6 40. Qc2 g3 41. hxg3 Bf8 42.
Rb3 Rg4 43. Rc1 b4 44. Qd3 Re4 45. Rbb1 Rb8 46. Rc2 Rc8 47. Qb3 Qb7 48. Qf3 Qb5
49. Qf5 Rc7 50. g4 Qd3 51. Rbc1 c5 52. dxc5 Bh6 53. c6+ Ka6 54. Qd7 Rxd7 55. cxd7
Bxc1 56. Rxc1 Qd2 57. Rf1 Kxa5 58. d8=Q+ Ka4 59. Qe8+ Ka3 60. Qa8+ Kb2 61. Qa1+
1-0

[Event "MPJ C18"]
[Site "?"]
[Date "2016.03.15"]
[Round "3.10"]
[White "Kaminski, Piotr"]
[Black "Kanicki, Krzysztof"]
[Result "1/2-1/2"]
[LiveChessVersion "1.4.8"]
[BlackElo "2208"]
[WhiteElo "1920"]

1. e4 c5 2. Nf3 Nc6 3. Bb5 g6 4. Bxc6 dxc6 5. h3 Bg7 6. Nc3 Nf6 7. d3 O-O 8. Be3
b6 9. Qd2 e5 10. O-O Qd6 11. a3 a5 12. Nh2 Nd7 13. f4 f5 14. exf5 Rxf5 15. Ng4 h5
16. fxe5 Nxe5 17. Nh6+ Bxh6 18. Bxh6 Nf7 19. Be3 Be6 20. Rae1 Re8 21. Ne4 Qd8 22.
Qc3 Re7 23. Nf6+ Kf8 24. Nh7+ Kg8 25. Nf6+ Kf8 26. Nh7+ Kg8 27. Nf6+ 1/2-1/2

[Event "MPJ C18"]
[Site "?"]
[Date "2016.03.15"]
[Round "3.11"]
[White "Smieszek, Wojciech"]
[Black "Osinski, Emil"]
[Result "0-1"]
[LiveChessVersion "1.4.8"]
[BlackElo "2017"]
[WhiteElo "2182"]

1. e4 g6 2. d4 c6 3. Nc3 Bg7 4. Be3 d5 5. Qd2 dxe4 6. Nxe4 Nd7 7. O-O-O Ngf6 8.
f3 O-O 9. Bh6 Nxe4 10. fxe4 Nf6 11. Bxg7 Kxg7 12. e5 Nd5 13. h4 h5 14. Be2 Bf5
15. Nf3 a5 16. Bd3 Bxd3 17. Qxd3 Nb4 18. Qb3 b5 19. Ng5 Qd5 20. Qxd5 cxd5 21. a3
Nc6 22. Rhf1 e6 23. Rf6 Ne7 24. Rg1 Ng8 25. Rf3 Nh6 26. Rb3 Rab8 27. Nf3 Rfc8 28.
Kd2 Rc4 29. Rc3 Nf5 30. Rxc4 bxc4 31. Kc3 Ng3 32. Re1 Ne4+ 33. Rxe4 dxe4 34. Nd2
f5 35. exf6+ Kxf6 36. Nxe4+ Kf5 37. Nc5 Kg4 38. Nxe6 Kxh4 39. d5 Kg3 40. d6 h4
41. d7 Kxg2 42. Nf4+ Kg3 43. Nxg6 h3 44. Ne7 Rd8 45. Nf5+ Kf4 46. Nd4 Rxd7 47.
Ne2+ Ke3 48. Ng3 Kf3 0-1

[Event "MPJ C18"]
[Site "?"]
[Date "2016.03.15"]
[Round "3.12"]
[White "Adamczewski, Maciej"]
[Black "Januszkiewicz, Wojciech"]
[Result "1/2-1/2"]
[LiveChessVersion "1.4.8"]
[BlackElo "1922"]
[WhiteElo "1961"]

1. d4 {[%clk 1:27:35]} Nf6 {[%clk 1:30:51]} 2. c4 {[%clk 1:28:02]} e6
{[%clk 1:31:14]} 3. Nf3 {[%clk 1:28:23]} Bb4+ {[%clk 1:31:38]} 4. Bd2
{[%clk 1:27:24]} c5 {[%clk 1:31:53]} 5. e3 {[%clk 1:25:55]} O-O {[%clk 1:30:53]}
6. dxc5 {[%clk 1:22:12]} Bxc5 {[%clk 1:30:14]} 7. Nc3 {[%clk 1:21:21]} b6
{[%clk 1:28:04]} 8. Bd3 {[%clk 1:19:03]} Bb7 {[%clk 1:28:00]} 9. O-O
{[%clk 1:17:41]} Nc6 {[%clk 1:12:38]} 10. a3 {[%clk 1:11:52]} d5 {[%clk 1:07:40]}
11. cxd5 {[%clk 0:59:45]} Nxd5 {[%clk 1:04:30]} 12. Ne4 {[%clk 0:59:14]} Be7
{[%clk 1:01:50]} 13. Qe2 {[%clk 0:56:37]} Bf6 {[%clk 1:00:54]} 14. Rab1
{[%clk 0:54:05]} Rc8 {[%clk 0:56:30]} 15. Rfd1 {[%clk 0:52:24]} Qe7
{[%clk 0:56:19]} 16. Be1 {[%clk 0:46:24]} Ne5 {[%clk 0:51:46]} 17. Nxf6+
{[%clk 0:40:28]} Qxf6 {[%clk 0:51:10]} 18. Be4 {[%clk 0:36:51]} h6
{[%clk 0:43:33]} 19. Nxe5 {[%clk 0:35:22]} Qxe5 {[%clk 0:43:58]} 20. Bxd5
{[%clk 0:34:32]} Bxd5 {[%clk 0:43:19]} 21. Bc3 {[%clk 0:34:35]} Qg5
{[%clk 0:40:49]} 22. e4 {[%clk 0:34:24]} Bc4 {[%clk 0:26:08]} 23. Qf3
{[%clk 0:33:40]} Rfd8 {[%clk 0:24:41]} 24. Qg3 {[%clk 0:33:19]} Qxg3
{[%clk 0:24:45]} 25. Rxd8+ {[%clk 0:32:59]} Rxd8 {[%clk 0:25:09]} 26. hxg3
{[%clk 0:33:08]} Bb3 {[%clk 0:22:44]} 27. Rc1 {[%clk 0:33:02]} Rd1+
{[%clk 0:20:27]} 28. Rxd1 {[%clk 0:33:23]} Bxd1 {[%clk 0:20:55]} 29. f3
{[%clk 0:33:35]} a5 {[%clk 0:20:36]} 30. Kf2 {[%clk 0:33:44]} a4 {[%clk 0:20:50]}
31. Ke3 {[%clk 0:34:01]} b5 {[%clk 0:21:09]} 32. Bd4 {[%clk 0:34:02]} Bb3
{[%clk 0:21:34]} 33. Bc3 {[%clk 0:34:28]} Bc4 {[%clk 0:21:59]} 34. g4
{[%clk 0:33:59]} f6 {[%clk 0:21:11]} 35. g3 {[%clk 0:34:10]} Kf7 {[%clk 0:21:41]}
36. Bd4 {[%clk 0:34:27]} Bb3 {[%clk 0:22:03]} 37. Kd2 {[%clk 0:34:28]} Bc4
{[%clk 0:22:29]} 38. Ke3 {[%clk 0:34:51]} Ba2 {[%clk 0:22:48]} 39. Bc5
{[%clk 0:35:12]} Bc4 {[%clk 0:23:09]} 40. Bb4 {[%clk 0:35:37]} Bb3
{[%clk 0:23:33]} 41. Bc5 {[%clk 0:36:03]} 1/2-1/2

[Event "MPJ C18"]
[Site "?"]
[Date "2016.03.15"]
[Round "3.13"]
[White "Lizak, Jakub"]
[Black "Golda, Sebastian"]
[Result "1-0"]
[LiveChessVersion "1.4.8"]
[BlackElo "1941"]
[WhiteElo "2176"]

1. e4 {[%clk 1:30:56]} c5 {[%clk 1:30:27]} 2. Nf3 {[%clk 1:31:22]} d6
{[%clk 1:30:53]} 3. d4 {[%clk 1:31:48]} cxd4 {[%clk 1:31:20]} 4. Qxd4
{[%clk 1:32:15]} Nc6 {[%clk 1:30:22]} 5. Bb5 {[%clk 1:32:31]} e6 {[%clk 1:22:01]}
6. c4 {[%clk 1:24:19]} Bd7 {[%clk 1:17:36]} 7. Qd3 {[%clk 1:20:12]} a6
{[%clk 1:17:27]} 8. Bxc6 {[%clk 1:20:19]} bxc6 {[%clk 1:17:52]} 9. O-O
{[%clk 1:15:38]} e5 {[%clk 1:15:14]} 10. c5 {[%clk 1:09:55]} Bg4 {[%clk 1:02:49]}
11. Rd1 {[%clk 1:01:22]} Bxf3 {[%clk 0:41:36]} 12. Qxf3 {[%clk 1:01:42]} Qf6
{[%clk 0:41:22]} 13. Qb3 {[%clk 0:59:33]} d5 {[%clk 0:28:49]} 14. exd5
{[%clk 0:48:00]} Bxc5 {[%clk 0:28:50]} 15. Be3 {[%clk 0:48:21]} Bxe3
{[%clk 0:28:10]} 16. Qxe3 {[%clk 0:48:35]} Ne7 {[%clk 0:28:24]} 17. d6
{[%clk 0:44:11]} Nd5 {[%clk 0:22:14]} 18. Qc5 {[%clk 0:42:40]} Kd7
{[%clk 0:18:01]} 19. Nc3 {[%clk 0:38:03]} Qxd6 {[%clk 0:18:14]} 20. Qc4
{[%clk 0:37:31]} Ke6 {[%clk 0:17:03]} 21. Ne4 {[%clk 0:31:51]} Qb4
{[%clk 0:13:07]} 22. Qxc6+ {[%clk 0:31:40]} Ke7 {[%clk 0:13:31]} 23. Qxd5
{[%clk 0:31:30]} Rhd8 {[%clk 0:13:49]} 24. Qxe5+ {[%clk 0:31:44]} Kf8
{[%clk 0:14:17]} 25. Rxd8+ {[%clk 0:31:10]} Rxd8 {[%clk 0:14:45]} 26. Qc5+
{[%clk 0:31:35]} Qxc5 {[%clk 0:15:14]} 27. Nxc5 {[%clk 0:31:58]} 1-0

[Event "MPJ C18"]
[Site "?"]
[Date "2016.03.15"]
[Round "3.14"]
[White "Buraczewski, Rafal"]
[Black "Czajkowski, Adam"]
[Result "1-0"]
[LiveChessVersion "1.4.8"]
[BlackElo "2110"]
[WhiteElo "1973"]

1. d4 {[%clk 1:29:00]} Nf6 {[%clk 1:30:55]} 2. Nf3 {[%clk 1:29:15]} b6
{[%clk 1:31:19]} 3. c4 {[%clk 1:27:56]} Bb7 {[%clk 1:31:38]} 4. Nc3
{[%clk 1:28:13]} g6 {[%clk 1:31:47]} 5. Qc2 {[%clk 1:22:16]} Bg7 {[%clk 1:31:12]}
6. Bg5 {[%clk 1:19:21]} h6 {[%clk 1:28:11]} 7. Bh4 {[%clk 1:19:10]} d6
{[%clk 1:27:34]} 8. e3 {[%clk 1:17:32]} Nc6 {[%clk 1:21:13]} 9. Rd1
{[%clk 1:09:42]} e6 {[%clk 1:14:08]} 10. d5 {[%clk 0:59:58]} Ne7 {[%clk 0:55:44]}
11. dxe6 {[%clk 0:58:31]} fxe6 {[%clk 0:56:05]} 12. Bd3 {[%clk 0:54:40]} Nf5
{[%clk 0:52:58]} 13. Bxf6 {[%clk 0:34:34]} Qxf6 {[%clk 0:52:50]} 14. Qa4+
{[%clk 0:34:32]} Kf7 {[%clk 0:48:11]} 15. e4 {[%clk 0:28:42]} Ne7
{[%clk 0:46:26]} 16. O-O {[%clk 0:28:04]} Rhf8 {[%clk 0:43:23]} 17. e5
{[%clk 0:21:44]} dxe5 {[%clk 0:41:21]} 18. Be4 {[%clk 0:22:02]} Bxe4
{[%clk 0:38:09]} 19. Nxe4 {[%clk 0:22:30]} Qf4 {[%clk 0:37:48]} 20. Rfe1
{[%clk 0:22:35]} Rfd8 {[%clk 0:30:46]} 21. Rxd8 {[%clk 0:18:23]} Rxd8
{[%clk 0:31:16]} 22. Qxa7 {[%clk 0:18:20]} Rd7 {[%clk 0:28:57]} 23. Qb7
{[%clk 0:15:44]} Nf5 {[%clk 0:26:20]} 24. c5 {[%clk 0:12:33]} bxc5
{[%clk 0:24:37]} 25. Nxc5 {[%clk 0:12:36]} Re7 {[%clk 0:24:29]} 26. Nd3
{[%clk 0:12:26]} Qa4 {[%clk 0:23:25]} 27. Ndxe5+ {[%clk 0:12:43]} Bxe5
{[%clk 0:23:18]} 28. Nxe5+ {[%clk 0:12:25]} Kg7 {[%clk 0:23:44]} 29. a3
{[%clk 0:10:10]} c5 {[%clk 0:23:18]} 30. Qf3 {[%clk 0:08:37]} Qc2
{[%clk 0:22:06]} 31. b4 {[%clk 0:06:22]} Qd2 {[%clk 0:16:49]} 32. Rd1
{[%clk 0:06:11]} Qc2 {[%clk 0:15:21]} 33. bxc5 {[%clk 0:04:14]} Qxc5
{[%clk 0:15:36]} 34. Re1 {[%clk 0:01:34]} Qa5 {[%clk 0:16:04]} 35. Nd3
{[%clk 0:01:09]} Qxa3 {[%clk 0:15:52]} 36. Qe4 {[%clk 0:01:34]} Qc3
{[%clk 0:12:49]} 37. Nf4 {[%clk 0:01:44]} Qf6 {[%clk 0:10:30]} 38. h3
{[%clk 0:01:05]} Kf7 {[%clk 0:09:50]} 39. Nd3 {[%clk 0:00:59]} Kg7
{[%clk 0:09:02]} 40. Nf4 {[%clk 0:31:22]} Kf7 {[%clk 0:39:22]} 41. Rd1
{[%clk 0:30:31]} Ra7 {[%clk 0:36:10]} 42. Rd3 {[%clk 0:27:03]} Re7
{[%clk 0:18:50]} 43. g3 {[%clk 0:22:23]} Ra7 {[%clk 0:15:53]} 44. Ng2
{[%clk 0:21:03]} e5 {[%clk 0:14:20]} 45. Rf3 {[%clk 0:15:04]} Kg7
{[%clk 0:13:46]} 46. Ne3 {[%clk 0:08:43]} Rf7 {[%clk 0:11:44]} 47. Ng4
{[%clk 0:05:04]} Nd6 {[%clk 0:07:30]} 48. Rxf6 {[%clk 0:04:21]} Nxe4
{[%clk 0:07:45]} 49. Rxf7+ {[%clk 0:04:48]} Kxf7 {[%clk 0:08:08]} 50. Nxh6+
{[%clk 0:04:24]} Ke6 {[%clk 0:08:15]} 51. Kg2 {[%clk 0:04:30]} Nd2
{[%clk 0:07:56]} 52. Ng4 {[%clk 0:04:27]} g5 {[%clk 0:07:37]} 53. Ne3
{[%clk 0:03:23]} Kf6 {[%clk 0:06:37]} 54. Nf1 {[%clk 0:03:25]} Nc4
{[%clk 0:04:09]} 55. Kf3 {[%clk 0:03:49]} Nd6 {[%clk 0:04:31]} 56. Nd2
{[%clk 0:02:54]} Kg6 {[%clk 0:04:57]} 57. Ne4 {[%clk 0:02:56]} Nf7
{[%clk 0:05:08]} 58. g4 {[%clk 0:01:54]} Nd8 {[%clk 0:04:29]} 59. Nc5
{[%clk 0:02:08]} Kf6 {[%clk 0:03:22]} 60. Ke4 {[%clk 0:02:13]} Nc6
{[%clk 0:02:36]} 61. f3 {[%clk 0:01:46]} Kg7 {[%clk 0:01:47]} 62. Nd7
{[%clk 0:02:04]} Nd4 {[%clk 0:00:57]} 63. Nxe5 {[%clk 0:02:18]} Ne2
{[%clk 0:01:17]} 64. Kf5 {[%clk 0:02:28]} Ng1 {[%clk 0:01:34]} 65. Kxg5
{[%clk 0:02:49]} Nxh3+ {[%clk 0:02:02]} 66. Kf5 {[%clk 0:03:01]} 1-0

[Event "MPJ C18"]
[Site "?"]
[Date "2016.03.15"]
[Round "3.15"]
[White "Fukowski, Pawel"]
[Black "Wacior, Maciej"]
[Result "1/2-1/2"]
[LiveChessVersion "1.4.8"]
[BlackElo "2090"]
[WhiteElo "1966"]

1. d4 {[%clk 1:30:59]} d5 {[%clk 1:30:53]} 2. Nf3 {[%clk 1:31:12]} Nf6
{[%clk 1:31:19]} 3. g3 {[%clk 1:30:32]} g6 {[%clk 1:31:46]} 4. Bg2
{[%clk 1:30:51]} Bg7 {[%clk 1:32:12]} 5. O-O {[%clk 1:29:33]} O-O
{[%clk 1:32:38]} 6. Ne5 {[%clk 1:24:55]} Bf5 {[%clk 1:32:37]} 7. c4
{[%clk 1:23:57]} c6 {[%clk 1:33:01]} 8. Nc3 {[%clk 1:13:31]} Ne4 {[%clk 1:30:36]}
9. cxd5 {[%clk 1:03:33]} cxd5 {[%clk 1:30:51]} 10. g4 {[%clk 0:59:06]} Nxc3
{[%clk 1:25:36]} 11. bxc3 {[%clk 0:58:53]} Be6 {[%clk 1:25:48]} 12. h3
{[%clk 0:56:20]} Qc7 {[%clk 1:21:54]} 13. f4 {[%clk 0:54:14]} Qxc3
{[%clk 1:19:26]} 14. Rb1 {[%clk 0:54:00]} Nc6 {[%clk 1:19:51]} 15. e3
{[%clk 0:53:53]} f6 {[%clk 1:03:04]} 16. Rb3 {[%clk 0:50:12]} Qa5
{[%clk 1:03:12]} 17. Nxc6 {[%clk 0:46:55]} bxc6 {[%clk 1:03:29]} 18. f5
{[%clk 0:43:28]} Bf7 {[%clk 1:01:58]} 19. Ba3 {[%clk 0:43:23]} Rfe8
{[%clk 1:01:30]} 20. Qc2 {[%clk 0:41:15]} Rac8 {[%clk 1:00:44]} 21. Bc5
{[%clk 0:36:51]} Qc7 {[%clk 0:58:40]} 22. Rfb1 {[%clk 0:28:30]} e6
{[%clk 0:54:43]} 23. Rb7 {[%clk 0:24:27]} Qg3 {[%clk 0:55:07]} 24. Rxa7
{[%clk 0:19:56]} Bh6 {[%clk 0:48:53]} 25. Rbb7 {[%clk 0:17:14]} Bxe3+
{[%clk 0:49:18]} 26. Kf1 {[%clk 0:16:43]} Qf4+ {[%clk 0:49:45]} 27. Ke2
{[%clk 0:16:19]} Bf2 {[%clk 0:49:22]} 28. Qd3 {[%clk 0:14:05]} exf5+
{[%clk 0:49:44]} 29. Re7 {[%clk 0:14:33]} fxg4 {[%clk 0:48:33]} 30. hxg4
{[%clk 0:14:36]} Bh4 {[%clk 0:47:50]} 31. Qe3 {[%clk 0:12:39]} Rxe7
{[%clk 0:47:01]} 32. Rxe7 {[%clk 0:12:42]} Qxe3+ {[%clk 0:46:44]} 33. Rxe3
{[%clk 0:12:17]} Re8 {[%clk 0:44:55]} 34. Rxe8+ {[%clk 0:12:08]} Bxe8
{[%clk 0:45:22]} 35. Bb4 {[%clk 0:11:29]} Bd7 {[%clk 0:44:41]} 36. Kf3
{[%clk 0:11:50]} Kf7 {[%clk 0:42:33]} 37. a4 {[%clk 0:11:54]} Bc8
{[%clk 0:42:59]} 38. Bf1 {[%clk 0:11:59]} Bb7 {[%clk 0:43:08]} 39. a5
{[%clk 0:12:08]} Ke6 {[%clk 0:43:24]} 40. a6 {[%clk 0:41:31]} Ba8
{[%clk 1:13:50]} 41. a7 {[%clk 0:40:43]} Bg5 {[%clk 1:14:00]} 42. Ba6
{[%clk 0:40:54]} Kd7 {[%clk 1:14:23]} 43. Bc5 {[%clk 0:39:35]} Bd2
{[%clk 1:14:42]} 44. Bd3 {[%clk 0:39:12]} Ba5 {[%clk 1:11:32]} 45. Kg3
{[%clk 0:38:12]} Kc7 {[%clk 1:00:21]} 46. Ba6 {[%clk 0:38:17]} Bb6
{[%clk 0:57:34]} 47. Kf4 {[%clk 0:33:08]} Bxc5 {[%clk 0:57:54]} 48. dxc5
{[%clk 0:33:36]} Kd7 {[%clk 0:58:16]} 49. Ke3 {[%clk 0:31:26]} Ke6
{[%clk 0:57:10]} 50. Kd4 {[%clk 0:31:13]} h6 {[%clk 0:56:10]} 51. Bc8+
{[%clk 0:31:12]} Ke7 {[%clk 0:56:33]} 52. Ke3 {[%clk 0:30:01]} Kd8
{[%clk 0:56:47]} 53. Ba6 {[%clk 0:30:16]} Kd7 {[%clk 0:56:50]} 54. Bd3
{[%clk 0:22:25]} h5 {[%clk 0:54:17]} 55. Bxg6 {[%clk 0:21:46]} hxg4
{[%clk 0:53:48]} 56. Kf4 {[%clk 0:19:24]} Kc7 {[%clk 0:53:47]} 57. Kxg4
{[%clk 0:19:06]} Kb7 {[%clk 0:54:14]} 58. Kf5 {[%clk 0:19:14]} Kxa7
{[%clk 0:54:41]} 59. Kxf6 {[%clk 0:19:34]} Ka6 {[%clk 0:55:02]} 60. Ke5
{[%clk 0:19:55]} Kb5 {[%clk 0:54:07]} 61. Kd4 {[%clk 0:20:21]} 1/2-1/2

[Event "MPJ C18"]
[Site "?"]
[Date "2016.03.15"]
[Round "3.16"]
[White "Smal, Tobiasz"]
[Black "Litner, Igor"]
[Result "1-0"]
[LiveChessVersion "1.4.8"]
[BlackElo "1883"]
[WhiteElo "2017"]

1. e4 e5 2. Nf3 Nc6 3. d4 exd4 4. Bc4 Be7 5. O-O d6 6. Nxd4 Nxd4 7. Qxd4 Bf6 8.
Qd3 Qe7 9. Nc3 Bxc3 10. Qxc3 Nf6 11. Bg5 h6 12. Bh4 Qe5 13. Qb3 O-O 14. Rae1 Ng4
15. Bg3 Qc5 16. h3 Ne5 17. Bxe5 Qxe5 18. f4 Qc5+ 19. Kh2 b5 20. Qxb5 Qxb5 21.
Bxb5 Rb8 22. Bd3 Rxb2 23. Rb1 Rxa2 24. Ra1 Rxa1 25. Rxa1 a6 26. Bxa6 Bxa6 27.
Rxa6 Re8 28. Ra4 Rb8 29. Kg3 f6 30. Kf3 Rb2 31. Rc4 c5 32. e5 fxe5 33. fxe5 dxe5
34. Ke4 Kf7 35. Kxe5 Rb1 36. Kd6 Rg1 37. Rf4+ Kg6 38. Rf2 c4 39. Kd5 c3 40. Kd4
Kg5 41. Kxc3 Kh4 42. Kd3 Kg3 43. Rd2 Ra1 44. c4 Ra3+ 45. Kd4 Ra4 46. Kc5 Ra8 47.
Kb6 Kf4 48. c5 Ke3 49. Rd6 g5 50. c6 Rb8+ 51. Ka7 Rb2 52. c7 Rc2 53. Kb7 Rb2+ 54.
Rb6 1-0

[Event "MPJ C18"]
[Site "?"]
[Date "2016.03.15"]
[Round "4.1"]
[White "Nowak, Kamil"]
[Black "Szostko, Jakub"]
[Result "1/2-1/2"]
[LiveChessVersion "1.4.8"]
[BlackElo "2228"]
[WhiteElo "2339"]

1. e4 {[%clk 1:30:58]} c6 {[%clk 1:30:47]} 2. d4 {[%clk 1:30:02]} d5
{[%clk 1:31:16]} 3. e5 {[%clk 1:29:46]} Bf5 {[%clk 1:31:28]} 4. Nf3
{[%clk 1:29:10]} e6 {[%clk 1:31:38]} 5. Be2 {[%clk 1:29:04]} Nd7 {[%clk 1:31:36]}
6. O-O {[%clk 1:28:47]} Bg6 {[%clk 1:31:32]} 7. Nbd2 {[%clk 1:27:08]} Nh6
{[%clk 1:31:26]} 8. Nb3 {[%clk 1:27:05]} Nf5 {[%clk 1:31:36]} 9. c3
{[%clk 1:26:01]} h5 {[%clk 1:31:29]} 10. Bg5 {[%clk 1:24:13]} Be7
{[%clk 1:29:06]} 11. Bxe7 {[%clk 1:23:57]} Qxe7 {[%clk 1:29:14]} 12. Nc1
{[%clk 1:23:10]} O-O {[%clk 1:26:05]} 13. Nd3 {[%clk 1:21:21]} h4
{[%clk 1:19:18]} 14. Nf4 {[%clk 1:19:46]} Bh7 {[%clk 1:17:26]} 15. Bd3
{[%clk 1:17:01]} Nh6 {[%clk 1:09:32]} 16. Bxh7+ {[%clk 1:12:06]} Kxh7
{[%clk 1:10:00]} 17. h3 {[%clk 1:09:48]} Nf5 {[%clk 1:07:40]} 18. Nd3
{[%clk 1:03:42]} g6 {[%clk 1:05:35]} 19. Qd2 {[%clk 1:00:41]} Kg7
{[%clk 1:01:21]} 20. a4 {[%clk 0:58:16]} a5 {[%clk 0:58:41]} 21. b4
{[%clk 0:49:57]} Nb6 {[%clk 0:54:32]} 22. Nb2 {[%clk 0:46:58]} Ra7
{[%clk 0:51:16]} 23. Ra2 {[%clk 0:47:16]} Rfa8 {[%clk 0:50:19]} 24. Rfa1
{[%clk 0:47:39]} Nd7 {[%clk 0:49:21]} 25. Nd3 {[%clk 0:47:24]} Nb6
{[%clk 0:49:08]} 26. Nb2 {[%clk 0:47:49]} Nd7 {[%clk 0:49:31]} 27. Nd3
{[%clk 0:48:13]} Nb6 {[%clk 0:49:42]} 28. Nb2 {[%clk 0:48:38]} Nd7 1/2-1/2